Ο σύντροφος του έλληνος ορθοδόξου : σύγγραμμα θρησκευτικοηθικοκοινωνικόν

Αποθηκεύτηκε σε:
Λεπτομέρειες βιβλιογραφικής εγγραφής
Κύριος συγγραφέας: Βασιλειάδης, Πελοπίδας Β.
Μορφή: Βιβλίο
Γλώσσα:Greek
Δημοσίευση: Εν Σάμω : Τύποις Γ. Φραντζή, [1950].
Θέματα:
Διαθέσιμο Online:http://hdl.handle.net/11610/16480
Ετικέτες: Προσθήκη ετικέτας
Δεν υπάρχουν, Καταχωρήστε ετικέτα πρώτοι!

MARC

LEADER 00000cam a2200000 i 4500
001 1/30450
008 130529q1950 gr | ||| |||| ||gre||
035 |l 10114562 
040 |a GR-MyUA  |b gre  |e AACR2 
041 0 |a gre 
082 0 |a 241  |2 (22) 
100 1 |a Βασιλειάδης, Πελοπίδας Β. 
245 1 2 |a Ο σύντροφος του έλληνος ορθοδόξου :   |b σύγγραμμα θρησκευτικοηθικοκοινωνικόν /   |c Πελοπίδα Β. Βασιλειάδου.  
260 |a Εν Σάμω :   |b Τύποις Γ. Φραντζή,   |c [1950].  
300 |a 80 σ. ;   |c 20 εκ.  
500 |a Στο εξώφυλλο σφραγίδα "Δημόσια Εμπορική Σχολή Σάμου εν Καρλοβάσιω". 
500 |a Υπάρχει ψηφιακό αντίγραφο.  
650 0 0 |a Christianity. 
650 0 0 |a Christianity ethics. 
852 |a INST  |b SAMOS  |c PORFYRIADA  |e 20130529  |h 241 ΒΑΣ  |p 005300040109  |q 005300040109  |t NOLOAN  |y 23 
856 |u http://hdl.handle.net/11610/16480 
901 |a BIBL3-2013-2 
909 |a Σ  |b 178335 
970 |a ΚΟΣΙΕΡΗΣ  |b ΧΡΗΣΤΟΣ  |z 2013/05/29